LEADER 01747nlm0 22004931i 450 001 990009255030403321 010 $a9783540781394 035 $a000925503 035 $aFED01000925503 035 $a(Aleph)000925503FED01 035 $a000925503 100 $a20100926d2008----km-y0itay50------ba 101 0 $aeng 102 $aDE 135 $adrnn-008mamaa 200 1 $aAdvances in Web Based Learning – ICWL 2007$bRisorsa elettronica$e6th International Conference Edinburgh, UK, August 15-17, 2007 Revised Papers$fedited by Howard Leung, Frederick Li, Rynson Lau, Qing Li 210 $aBerlin ; Heidelberg$cSpringer$d2008 225 1 $aLecture Notes in Computer Science$x0302-9743$v4823 230 $aDocumento elettronico 336 $aTesto 337 $aFormato html, pdf 702 1$aLau,$bRynson 702 1$aLeung,$bHoward 702 1$aLi,$bFrederick 702 1$aLi,$bQing 801 0$aIT$bUNINA$gREICAT$2UNIMARC 856 4 $zFull text per gli utenti Federico II$uhttp://dx.doi.org/10.1007/978-3-540-78139-4 901 $aEB 912 $a990009255030403321 961 $aArtificial intelligence 961 $aArtificial Intelligence (incl. Robotics) 961 $aComputer science 961 $aComputer Science 961 $aComputers and Education 961 $aEducation 961 $aInformation Storage and Retrieval 961 $aInformation storage and retrieval systems 961 $aInformation systems 961 $aInformation Systems Applications (incl.Internet) 961 $aMultimedia Information Systems 961 $aMultimedia systems 961 $aUser Interfaces and Human Computer Interaction 996 $aAdvances in Web Based Learning – ICWL 2007$9774408 997 $aUNINA LEADER 01540nam 2200493 450 001 9910821506703321 005 20200520144314.0 010 $a92-871-7994-8 035 $a(CKB)2670000000574136 035 $a(SSID)ssj0001399263 035 $a(PQKBManifestationID)11867880 035 $a(PQKBTitleCode)TC0001399263 035 $a(PQKBWorkID)11450243 035 $a(PQKB)11121047 035 $a(MiAaPQ)EBC3138796 035 $a(Au-PeEL)EBL3138796 035 $a(CaPaEBR)ebr10984209 035 $a(CaONFJC)MIL655896 035 $a(OCoLC)900687870 035 $a(EXLCZ)992670000000574136 100 $a20141122h20142014 uy 0 101 0 $aeng 135 $aurcnu|||||||| 181 $ctxt 182 $cc 183 $acr 200 00$aHeritage for development in South-East Europe $enew visions and perceptions of heritage through the Ljubljana process 210 1$aStrasbourg, France :$cConcil of Europe,$d2014. 210 4$d2014 215 $a1 online resource (208 pages) $ccolor illustrations, photographs 300 $aBibliographic Level Mode of Issuance: Monograph 311 $a92-871-7873-9 311 $a1-322-24616-5 320 $aIncludes bibliographical references. 606 $aSustainable development$zEurope, Eastern 615 0$aSustainable development 676 $a338.94307 801 0$bMiAaPQ 801 1$bMiAaPQ 801 2$bMiAaPQ 906 $aBOOK 912 $a9910821506703321 996 $aHeritage for development in South-East Europe$94024357 997 $aUNINA LEADER 02624nam 2200661z- 450 001 9910557337903321 005 20220111 035 $a(CKB)5400000000042499 035 $a(oapen)https://directory.doabooks.org/handle/20.500.12854/76722 035 $a(oapen)doab76722 035 $a(EXLCZ)995400000000042499 100 $a20202201d2021 |y 0 101 0 $aeng 135 $aurmn|---annan 181 $ctxt$2rdacontent 182 $cc$2rdamedia 183 $acr$2rdacarrier 200 00$aThe State of the Art of Thermo-Chemical Heat Storage 210 $aBasel, Switzerland$cMDPI - Multidisciplinary Digital Publishing Institute$d2021 215 $a1 online resource (112 p.) 311 08$a3-0365-1373-6 311 08$a3-0365-1374-4 330 $aThe heat storage based on thermochemical technology is associated with higher amounts of energy stored with respect to systems based on sensible heat. This interesting feature is stimulating the interest of the scientific community, among energy providers and grid managers, since it can effectively support the operation and integration of renewable high-efficiency systems and local smart grids. Research in this field is achieving unprecedented goals thanks to the profitable exploitation of results obtained in the field of heat pumps and thermally driven systems. The present issue offers the reader a sensational window to this rapidly evolving world. 606 $aResearch & information: general$2bicssc 606 $aTechnology: general issues$2bicssc 610 $aadsorption 610 $achemical sorption 610 $aclimate conditions 610 $acold storage 610 $aenergy efficiency 610 $aexperimental campaign 610 $aFAM Z02 610 $afoam 610 $aheat storage 610 $amobile refrigeration 610 $anumerical modelling 610 $anumerical simulation 610 $apower grid support 610 $apower-to-heat 610 $areaction enthalpy 610 $aSAPO-34 610 $aSAPO34 610 $asolar DWH 610 $asolar systems 610 $asorption heat storage 610 $asystem efficiency 610 $atheoretical limits 610 $athermal storage 610 $athermochemical storage 610 $azeolite 615 7$aResearch & information: general 615 7$aTechnology: general issues 700 $aVasta$b Salvatore$4edt$033539 702 $aVasta$b Salvatore$4oth 906 $aBOOK 912 $a9910557337903321 996 $aThe State of the Art of Thermo-Chemical Heat Storage$93034739 997 $aUNINA